| 000 | 02110nam a2200481 i 4500 | ||
|---|---|---|---|
| 001 | ebr10865613 | ||
| 003 | CaPaEBR | ||
| 006 | m o d | ||
| 007 | cr cn||||||||| | ||
| 008 | 140511t20142014enka ob 001 0 eng d | ||
| 020 | _z9781409466437 | ||
| 020 | _a9781409466444 (e-book) | ||
| 020 | _a9781409466451 (e-book) | ||
| 040 |
_aCaPaEBR _beng _erda _epn _cCaPaEBR |
||
| 035 | _a(OCoLC)879074366 | ||
| 043 | _ae-uk--- | ||
| 050 | 1 | 4 |
_aQB88 _b.G44 2014eb |
| 082 | 0 | 4 |
_a681/.4123092241 _223 |
| 100 | 1 |
_aGee, Brian, _eauthor. |
|
| 245 | 1 | 0 |
_aFrancis Watkins and the Dollond telescope patent controversy / _cBrian Gee ; edited by Anita McConnell and A.D. Morrison-Low. |
| 264 | 1 |
_aSurrey, England ; _aBurlington, Vermont : _bAshgate, _c2014. |
|
| 264 | 4 | _c�2014 | |
| 300 |
_a1 online resource (431 pages) : _billustrations. |
||
| 336 |
_atext _2rdacontent |
||
| 337 |
_acomputer _2rdamedia |
||
| 338 |
_aonline resource _2rdacarrier |
||
| 490 | 1 | _aScience, Technology and Culture, 1700-1945 | |
| 504 | _aIncludes bibliographical references and index. | ||
| 588 | _aDescription based on print version record. | ||
| 590 | _aElectronic reproduction. Palo Alto, Calif. : ebrary, 2014. Available via World Wide Web. Access may be limited to ebrary affiliated libraries. | ||
| 600 | 1 | 0 |
_aWatkins, Francis, _d1723-1782. |
| 600 | 1 | 0 |
_aDollond, Peter, _d1730-1820. |
| 600 | 1 | 0 |
_aDollond, John, _d1706-1761. |
| 650 | 0 |
_aTelescopes _zGreat Britain _xHistory. |
|
| 650 | 0 |
_aTelescopes _vPatents. |
|
| 655 | 0 | _aElectronic books. | |
| 700 | 1 |
_aMcConnell, Anita, _eeditor. |
|
| 700 | 1 |
_aMorrison-Low, A. D., _eeditor. |
|
| 776 | 0 | 8 |
_iPrint version: _aGee, Brian. _tFrancis Watkins and the Dollond telescope patent controversy. _dSurrey, England ; Burlington, Vermont : Ashgate, c2014 _hxxvi, 392 pages _kScience, technology, and culture, 1700-1945. _z9781409466437 _w2013047643 |
| 797 | 2 | _aebrary. | |
| 830 | 0 | _aScience, technology, and culture, 1700-1945. | |
| 856 | 4 | 0 |
_uhttp://site.ebrary.com/lib/rucke/Doc?id=10865613 _zAn electronic book accessible through the World Wide Web; click to view |
| 999 |
_c106970 _d106970 |
||